[Event "IND-ch U11 Girls"]
[Site "Sivagangai Tamilnadu"]
[Date "2018.07.30"]
[Round "4.1"]
[White "Savitha Shri, B."]
[Black "Dolisiyas, Dash"]
[Result "1-0"]
[WhiteElo "1742"]
[BlackElo "1241"]
[PlyCount "131"]
[EventDate "2018.07.28"]
[EventType "swiss"]
[EventRounds "11"]
[EventCountry "IND"]
[SourceTitle "EXT 2024"]
[Source "ChessBase"]
[SourceDate "2023.10.10"]
[SourceVersion "1"]
[SourceVersionDate "2023.10.10"]
[SourceQuality "1"]

1. Nf3 Nf6 2. g3 g6 3. Bg2 Bg7 4. 0-0 0-0 5. c4 d6 6. d4 c5 7. Nc3 Nbd7 8. e4 cxd4 9. Nxd4 Ne5 10. Qe2 Bd7 11. Be3 a6 12. Rac1 Rc8 13. b3 Nc6 14. Rfd1 Nxd4 15. Bxd4 Ne8 16. Bxg7 Nxg7 17. e5 Bc6 18. Nd5 Bxd5 19. Rxd5 Qb6 20. exd6 exd6 21. Qd2 Rfd8 22. Rd1 Ne8 23. Qe3 Qxe3 24. fxe3 b6 25. e4 Rc5 26. e5 Rxd5 27. Bxd5 Kg7 28. Bc6 a5 29. Kf2 Kf8 30. Ke3 Ke7 31. Bxe8 Kxe8 32. exd6 Kd7 33. Ke4 Re8+ 34. Kf4 h6 35. h4 Re2 36. a3 Ra2 37. a4 Re2 38. Rd5 Re6 39. c5 bxc5 40. Rxc5 Rxd6 41. Rxa5 f6 42. Rb5 g5+ 43. Kf5 gxh4 44. gxh4 Rd4 45. h5 Rd6 46. Kg6 f5+ 47. Kxf5 Ra6 48. a5 Rc6 49. b4 Rc4 50. Rb6 Rc1 51. Kg6 Rg1+ 52. Kxh6 Kc7 53. Kh7 Rg2 54. h6 Rg1 55. Rg6 Rb1 56. Kg7 Rxb4 57. h7 Rh4 58. h8Q Rxh8 59. Kxh8 Kb7 60. Rb6+ Ka7 61. Kg7 Ka8 62. Kf7 Ka7 63. Ke7 Ka8 64. Kd7 Ka7 65. Kc7 Ka8 66. Ra6# 1-0